| 000 | 01418nam a22002777a 4500 | ||
|---|---|---|---|
| 005 | 20090710112847.0 | ||
| 008 | 090710t xxu||||| |||| 00| 0 hin d | ||
| 010 | _aHIN-87197 | ||
| 020 |
_a8190215493 _c195.00 |
||
| 035 | _aHN-59543 | ||
| 037 | _bDBAD / PUB | ||
| 040 |
_adpl _bhn |
||
| 082 | _a133.3092 | ||
| 100 | _aव्यास, गोविन्द | ||
| 245 |
_aनास्त्रेदमस की अनूठी भविष्यवाणियां / _cगोविन्द व्यास |
||
| 246 |
_aNostradamus kiii anuthii bhavishyawaaniyaan _bby Govind Vyas |
||
| 260 |
_aदिल्ली _bसान्या कम्यूनिकेशन्स _c2008 |
||
| 270 |
_aगली नं. 1, 2/7, कड़कड़ी रोड, विश्वास नगर _bदिल्ली _e110032 |
||
| 300 |
_a176पृ. _c22सेमी (सजिल्द) |
||
| 600 |
_aनास्त्रेदमस, 1503-1566 _xगुप्त विद्या |
||
| 600 |
_aNostradamus, 1503-1566 _xProphecies. |
||
| 650 | _aगुप्त विद्या | ||
| 650 | _aProphecies (Occultism) | ||
| 942 |
_2ddc _cHN _mव्यासगो _h133.3092 |
||
| 999 |
_c28133 _d28133 |
||